000 00497nam a2200157 4500
020 _a9781608070923
082 _a621.3813 CRU
100 _aCruickshank, David B.
245 _aMicrowave materials for wireless applications
260 _aLondon
_bArtech House
_c2011
300 _axxii, 221 p.
_bill. ;
490 _aArtech House microwave library
500 _aIncludes bibliographic references and index.
650 _a1. Microwaves 2. Wireless communication systems --Materials.
942 _cBK
999 _c12371
_d12371